Quick Pick: Slogans Quiz Stats

 Plays Quiz Updated Aug 18, 2016

Challenge
Share
Tweet
Embed
Score 0/15 Timer 01:30
8 Plays Today
% Correct
Nike
93.5%
KFC
92.9%
McDonald's
91.4%
Pringles
86.8%
Taco Bell
84.2%
MasterCard
81%
Coca-Cola
78.3%
Dodge
76.5%
% Correct
FedEx
74.2%
Pizza Hut
66.5%
Volkswagen
64.9%
Target
64.7%
Ford
61.8%
Best Buy
43.3%
AT&T
28%

Today's Daily Dose

Missing Word
TV HA - HZ

Word Ladder
Nordic Capital

On This Day
January 19th II

You're not logged in!

Compare scores with friends on all Sporcle quizzes.
OR
Log In

You Might Also Like...

Show Comments

Extras

Top Quizzes Today


Score Distribution

Your Account Isn't Verified!

In order to create a playlist on Sporcle, you need to verify the email address you used during registration. Go to your Sporcle Settings to finish the process.

Report this User

Report this user for behavior that violates our Community Guidelines.

Details: